000 00762nam a2200265 i 4500
001 000038571
003 DO-SdBNP
005 20250610133608.0
007 ta
008 250610s2011 dr a 000 0 spa d
020 _a9789945122077
040 _aDO-SdBNP
_bspa
_cBNPHU
_erda
041 _hspa
082 _axxx
_bP349m
_222
100 _aPeña Geraldino, Rafael
_eautor
_91257
245 1 0 _aMatemática básica superior /
_cRafael Peña Geraldino.
264 _aSanto Domingo :
_bSusaeta Editores,
_c2011
300 _a343 páginas :
_bilustraciones ;
_c30 cm.
336 _ardacontent
_btexto
_2txt
337 _ardamedia
_bsin mediación
_2n
338 _ardacarrier
_bvolumen
_2nc
590 _aInventariado, 2025/DG
910 _aDG
942 _2ddc
_cLBS1
999 _c59202
_d59202